<?xml version="1.0" encoding="UTF-8"?>
<record
    xmlns:xsi="http://www.w3.org/2001/XMLSchema-instance"
    xsi:schemaLocation="http://www.loc.gov/MARC21/slim http://www.loc.gov/standards/marcxml/schema/MARC21slim.xsd"
    xmlns="http://www.loc.gov/MARC21/slim">

  <leader>00292nam a22001337a 4500</leader>
  <controlfield tag="003">SGT</controlfield>
  <datafield tag="020" ind1=" " ind2=" ">
    <subfield code="a">9789354655517</subfield>
  </datafield>
  <datafield tag="082" ind1=" " ind2=" ">
    <subfield code="a">370,CHA</subfield>
  </datafield>
  <datafield tag="100" ind1=" " ind2=" ">
    <subfield code="a">CHAVAN, B.S.</subfield>
  </datafield>
  <datafield tag="245" ind1=" " ind2=" ">
    <subfield code="a">COMPREHENSIVE TEXTBOOK ON DISABILITY </subfield>
  </datafield>
  <datafield tag="260" ind1=" " ind2=" ">
    <subfield code="a">NEW DELHI </subfield>
    <subfield code="b">JYPEE</subfield>
    <subfield code="c">2022</subfield>
  </datafield>
  <datafield tag="300" ind1=" " ind2=" ">
    <subfield code="a">582</subfield>
  </datafield>
  <datafield tag="942" ind1=" " ind2=" ">
    <subfield code="2">ddc</subfield>
    <subfield code="c">BK</subfield>
  </datafield>
  <datafield tag="952" ind1=" " ind2=" ">
    <subfield code="0">0</subfield>
    <subfield code="1">0</subfield>
    <subfield code="2">ddc</subfield>
    <subfield code="4">0</subfield>
    <subfield code="7">1</subfield>
    <subfield code="8">FE</subfield>
    <subfield code="a">FE</subfield>
    <subfield code="b">FE</subfield>
    <subfield code="c">REF</subfield>
    <subfield code="d">2024-08-28</subfield>
    <subfield code="e">AHUJA BOOK COMPANY</subfield>
    <subfield code="g">1350.00</subfield>
    <subfield code="i">SGTU</subfield>
    <subfield code="o">370,CHA</subfield>
    <subfield code="p">ED5337</subfield>
    <subfield code="r">2024-08-28 00:00:00</subfield>
    <subfield code="w">2024-06-27</subfield>
    <subfield code="y">BK</subfield>
    <subfield code="k">19161</subfield>
  </datafield>
  <datafield tag="952" ind1=" " ind2=" ">
    <subfield code="0">0</subfield>
    <subfield code="1">0</subfield>
    <subfield code="2">ddc</subfield>
    <subfield code="4">0</subfield>
    <subfield code="7">0</subfield>
    <subfield code="8">FE</subfield>
    <subfield code="a">FE</subfield>
    <subfield code="b">FE</subfield>
    <subfield code="c">TXT</subfield>
    <subfield code="d">2024-08-28</subfield>
    <subfield code="e">AHUJA BOOK COMPANY</subfield>
    <subfield code="g">1350.00</subfield>
    <subfield code="i">SGTU</subfield>
    <subfield code="l">0</subfield>
    <subfield code="o">370,CHA</subfield>
    <subfield code="p">ED5338</subfield>
    <subfield code="r">2024-08-28 00:00:00</subfield>
    <subfield code="w">2024-06-27</subfield>
    <subfield code="y">BK</subfield>
    <subfield code="k">19161</subfield>
  </datafield>
  <datafield tag="952" ind1=" " ind2=" ">
    <subfield code="0">0</subfield>
    <subfield code="1">0</subfield>
    <subfield code="2">ddc</subfield>
    <subfield code="4">0</subfield>
    <subfield code="7">0</subfield>
    <subfield code="8">FE</subfield>
    <subfield code="a">FE</subfield>
    <subfield code="b">FE</subfield>
    <subfield code="c">TXT</subfield>
    <subfield code="d">2024-08-28</subfield>
    <subfield code="e">AHUJA BOOK COMPANY</subfield>
    <subfield code="g">1350.00</subfield>
    <subfield code="i">SGTU</subfield>
    <subfield code="l">0</subfield>
    <subfield code="o">370,CHA</subfield>
    <subfield code="p">ED5339</subfield>
    <subfield code="r">2024-08-28 00:00:00</subfield>
    <subfield code="w">2024-06-27</subfield>
    <subfield code="y">BK</subfield>
    <subfield code="k">19161</subfield>
  </datafield>
  <datafield tag="999" ind1=" " ind2=" ">
    <subfield code="c">26841</subfield>
    <subfield code="d">26841</subfield>
  </datafield>
</record>
